Top 50 Regionalliga Südwest Marktwerte - Statistiken

Allgemein
  • Dieses Quiz wurde 11 mal gespielt
  • Das Durchschnittsergebnis liegt bei 11 aus 50
Antwortstatistiken
Top Position Spieler Marktwert Nationallität Verein % Korrekt
2 IV Nnamdi Collins 1 Mio Deutschland Eintracht Frankfurt II
60%
3 LV Berkay Yilmaz 500 Tsd. Türkei/Deutschland SC Freiburg II
50%
42 TW Felix Dornebusch 150 Tsd. Deutschland Stuttgarter Kickers
50%
19 LF Markus Mendler 200 Tsd. Deutschland FC 08 Homburg
50%
1 ZOM Tom Bischof 3,50 Mio Deutschland TSG Hoffenheim II
50%
5 ST Alessio Besio 400 Tsd. Schweiz/Spanien SC Freiburg II
40%
50 ZDM Valentin Lässig 150 Tsd. Deutschland TSG Hoffenheim II
40%
43 ST Arian Lluqigi 150 Tsd. Kosovo/Deutschland TSG Hoffenheim II
30%
25 RF Daniel Labila 175 Tsd. Frankreich/DR Kongo TSG Hoffenheim II
30%
17 IV Davis Bautista 250 Tsd. Ecuador Eintracht Frankfurt II
30%
29 ZOM Dimitrij Nazarov 175 Tsd. Aserbaidschan/Deutschland Kickers Offenbach
30%
11 ST Jermain Nischalke 275 Tsd. Deutschland/Angola FC 08 Homburg
30%
31 TW Johannes Brinkies 175 Tsd. Deutschland Kickers Offenbach
30%
21 TW Lasse Rieß 200 Tsd. Deutschland FSV Mainz 05 II
30%
4 ZDM Luca Marino 450 Tsd. Italien/Deutschland SC Freiburg II
30%
22 ST Marcus Müller 200 Tsd. Deutschland FSV Mainz 05 II
30%
23 ZDM Maximilian Zaiser 200 Tsd. Deutschland SGV Freiberg
30%
28 ZOM Patrick Weihrauch 175 Tsd. Deutschland FC 08 Homburg
30%
20 IV Philipp Schulz 200 Tsd. Deutschland FSV Mainz 05 II
30%
41 RF Serkan Firat 150 Tsd. Deutschland/Türkei TSV Steinbach Haiger
30%
15 ST Simon Kalambayi 250 Tsd. Frankreich/DR Kongo TSG Hoffenheim II
30%
47 ZOM Sinan Tekerci 150 Tsd. Deutschland/Türkei Stuttgarter Kickers
30%
34 LV Tim Müller 150 Tsd. Deutschland FSV Mainz 05 II
30%
48 IV Bruno Ogbus 150 Tsd. Schweiz/Nigeria SC Freiburg II
20%
9 ZDM Fabian Rüdlin 350 Tsd. Deutschland SC Freiburg II
20%
16 IV Franci Bouebari 250 Tsd. Frankreich/DR Kongo SC Freiburg II
20%
6 TW Jaaso Jatunen 400 Tsd. Finnland SC Freiburg II
20%
37 LF Keanu Staude 150 Tsd. Deutschland Kickers Offenbach
20%
39 ST Mathias Fetsch 150 Tsd. Deutschland SC Freiburg II
20%
44 ZDM Maximilian Jansen 150 Tsd. Deutschland FC 08 Homburg
20%
38 IV Maximilian Rossmann 150 Tsd. Deutschland Kickers Offenbach
20%
10 ZM Mehdi Loune 300 Tsd. Deutschland/Marokko Eintracht Frankfurt II
20%
13 TW Niklas Sauter 250 Tsd. Deutschland SC Freiburg II
20%
8 ZDM Oskar Wiklöf 350 Tsd. Finnland SC Freiburg II
20%
24 ST Valdrin Mustafa 200 Tsd. Kosovo/Deutschland Kickers Offenbach
20%
7 ZOM Yann Sturm 350 Tsd. Deutschland SC Freiburg II
20%
26 ZM Eniss Shabani 175 Tsd. Albanien/Deutschland FSV Mainz 05 II
10%
35 LF Ji-Han Lee 150 Tsd. Südkorea SGV Freiberg
10%
32 ST Marco Wörner 150 Tsd. Deutschland SC Freiburg II
10%
33 ZM Onur Ünlücifci 150 Tsd. Türkei/Deutschland FSV Frankfurt
10%
45 ZDM Per Lockl 150 Tsd. Deutschland Stuttgarter Kickers
10%
49 ZOM Sercan Sararer 150 Tsd. Türkei/Spanien KSV Hessen Kassel
10%
18 IV Brian Behrendt 250 Tsd. Deutschland Stuttgarter Kickers
0%
12 RF David Mamutovic 250 Tsd. Deutschland/Serbien FSV Mainz 05 II
0%
46 ZDM Denis Linsmayer 150 Tsd. Deutschland FSV Mainz 05 II
0%
14 ZM Johan Manzambi 250 Tsd. Schweiz SC Freiburg II
0%
36 LF Ken Mata 150 Tsd. Deutschland/DR Kongo FSV Mainz 05 II
0%
30 IV Korbinian Burger 175 Tsd. Deutschland FSV Mainz 05 II
0%
40 TW Maximilian Kinzig 150 Tsd. Deutschland FSV Mainz 05 II
0%
27 ST Ron Berlinksi 175 Tsd. Deutschland Kickers Offenbach
0%
Keine übereinstimmenden Quizze gefunden
Verteilung der Resultate
Anzahl Personen mit jedem Resultat
Perzentil nach korrekt beantworteten Fragen
Ihre Resultats-Entwicklung
Sie haben dieses Quiz noch nicht gespielt